Performance measurement of higher education facilities (Record no. 101029)

MARC details
000 -LEADER
fixed length control field 01581cam a2200313 4500
008 - FIXED-LENGTH DATA ELEMENTS--GENERAL INFORMATION
fixed length control field 000000n2000 000 0 eng u
020 ## - INTERNATIONAL STANDARD BOOK NUMBER
International Standard Book Number 1042190423
022 ## - INTERNATIONAL STANDARD SERIAL NUMBER
International Standard Serial Number 1354-506X
035 ## - SYSTEM CONTROL NUMBER
System control number (Sirsi) u109962
050 ## - LIBRARY OF CONGRESS CALL NUMBER
Classification number 658.2
-- 18
100 ## - MAIN ENTRY--PERSONAL NAME
Personal name Amaratunga, Dilanthi
245 ## - TITLE STATEMENT
Title Performance measurement of higher education facilities
Remainder of title the balanced scorecard approach.
260 ## - PUBLICATION, DISTRIBUTION, ETC.
Place of publication, distribution, etc. London
Name of publisher, distributor, etc. RICS Research Foundation
Date of publication, distribution, etc. 2000
300 ## - PHYSICAL DESCRIPTION
Extent 43p.
Dimensions 30cm.
490 ## - SERIES STATEMENT
Series statement RICS Foundation Research Papers
Volume/sequential designation 3(14)
520 ## - SUMMARY, ETC.
Summary, etc. Presents the findings of the characteristics of important aspects of a performance evaluation approach related to higher education properties, and discusses the framework developed based on the Balanced Scorecard methodology to measure performance.
520 ## - SUMMARY, ETC.
Summary, etc. Available to download, by subscription or one-off payment, at www.rics-foundation.org. RICS members may also view the research via the public access terminals in the RICS Library - please ask Library Staff for details.
650 ## - SUBJECT ADDED ENTRY--TOPICAL TERM
Topical term or geographic name entry element Property management
9 (RLIN) 6262
650 ## - SUBJECT ADDED ENTRY--TOPICAL TERM
Topical term or geographic name entry element UNIVERSITIES
650 ## - SUBJECT ADDED ENTRY--TOPICAL TERM
Topical term or geographic name entry element FURTHER EDUCATION
650 ## - SUBJECT ADDED ENTRY--TOPICAL TERM
Topical term or geographic name entry element BUILT ENVIRONMENT-BUILDING MAINTENANCE AND REFURBISHMENT
650 ## - SUBJECT ADDED ENTRY--TOPICAL TERM
Topical term or geographic name entry element HIGHER EDUCATION
650 ## - SUBJECT ADDED ENTRY--TOPICAL TERM
Topical term or geographic name entry element ASSET MANAGEMENT
650 ## - SUBJECT ADDED ENTRY--TOPICAL TERM
Topical term or geographic name entry element PROPERTY PERFORMANCE MEASUREMENT
690 ## - LOCAL SUBJECT ADDED ENTRY--TOPICAL TERM (OCLC, RLIN)
Topical term or geographic name as entry element MANAGEMENT-FACILITIES MANAGEMENT
710 ## - ADDED ENTRY--CORPORATE NAME
Corporate name or jurisdiction name as entry element Royal Institution of Chartered Surveyors
Subordinate unit Research Foundation
9 (RLIN) 3861
856 ## - ELECTRONIC LOCATION AND ACCESS
Uniform Resource Identifier <a href="https://www.rics.org/RICSWEB/getpage.aspx?p=kwt_pz4_qkitQGSft1TgOw">https://www.rics.org/RICSWEB/getpage.aspx?p=kwt_pz4_qkitQGSft1TgOw</a>
Hours access method available View the research on the RICS Foundation website...
942 ## - ADDED ENTRY ELEMENTS (KOHA)
Suppress in OPAC 0
Holdings
Withdrawn status Lost status Source of classification or shelving scheme Damaged status Not for loan Home library Current library Shelving location Date acquired Total Checkouts Full call number Barcode Date last seen Copy number Price effective from Koha item type Date last checked out
    Dewey Decimal Classification     London London RICS Boxes 22/02/2001   RICS 2000/79 30063651 06/08/2019 1 06/08/2019 Reference material  
    Dewey Decimal Classification     London London RICS Boxes 22/02/2001   RICS 2000/79 30063652 06/08/2019 2 06/08/2019 Reference material  
    Dewey Decimal Classification     London London RICS Boxes 22/02/2001 6 RICS 2000/79 30063653 06/08/2019 3 06/08/2019 Book 26/01/2005
    Dewey Decimal Classification     Virtual Virtual Online 30/06/2003   ONLINE PUBLICATION 109962-2001 06/08/2019 1 06/08/2019 Book